Them came spring : (Record no. 7496)

MARC details
000 -LEADER
fixed length control field 00947nam a2200205 a 4500
003 - CONTROL NUMBER IDENTIFIER
control field PILC
005 - DATE AND TIME OF LATEST TRANSACTION
control field 20241119134841.0
008 - FIXED-LENGTH DATA ELEMENTS--GENERAL INFORMATION
fixed length control field 061226s1969 xx 00 eng d
010 ## - LIBRARY OF CONGRESS CONTROL NUMBER
LC control number Acc#19513
040 ## - CATALOGING SOURCE
Transcribing agency Philippine Baptist Theological Seminary
050 ## - LIBRARY OF CONGRESS CALL NUMBER
Classification number BV 2807
Item number L177 1969
100 10 - MAIN ENTRY--PERSONAL NAME
Personal name Lambdin, Ina Smith
245 10 - TITLE STATEMENT
Title Them came spring :
Remainder of title and other missionary love stories /
Statement of responsibility, etc. by Ina Smith Lambdin.
260 0# - PUBLICATION, DISTRIBUTION, ETC (IMPRINT)
Place of publication, distribution, etc. Nashville, TN :
Name of publisher, distributor, etc. Ina Smith Lambdin,
Date of publication, distribution, etc. c1969.
300 ## - PHYSICAL DESCRIPTION
Extent vii, 75 p. ; 22 cm.
505 ## - FORMATTED CONTENTS NOTE
Formatted contents note Then came spring, Africa -- A roman romance, Italy -- Sixty years of happiness, Brazil -- A strange courtship, China -- He fell in love with a picture, Mongolia -- Jealousy and a broken romance, Fingo land -- Love at first sight, Africa -- A honeymoon on the ocean, China -- A loves story with a sad ending, China -- A courtship by mail, Europe --
650 ## - SUBJECT ADDED ENTRY--TOPICAL TERM
Topical term or geographic name as entry element MISSIONARIES
650 ## - SUBJECT ADDED ENTRY--TOPICAL TERM
Topical term or geographic name as entry element MISSIONS
General subdivision STORIES
942 ## - ADDED ENTRY ELEMENTS (KOHA)
Koha item type Circulation Books
Source of classification or shelving scheme Library of Congress Classification
Holdings
Withdrawn status Lost status Source of classification or shelving scheme Damaged status Not for loan Home library Current library Shelving location Date acquired Cost, normal purchase price Total Checkouts Full call number Barcode Date last seen Price effective from Koha item type
    Dewey Decimal Classification     PBTS Library PBTS Library Circulation Section 12/26/2006 9.00   BV 2807 L177 1969 19513 03/18/2026 04/02/2015 Circulation Books

Philippine Baptist Theological Seminary | 19 Tacay Road, Central Guisad, Baguio City 2600, Philippines